000 00640nam a2200217 a 4500
003 OSt
005 20151111102027.0
008 020226s2003 esp 0011 spa d
020 _a84-96246-13-2
040 _cBMC
082 _a808.06842
100 1 _aKipling, Rudyard
_9589
_d1865-1936
245 1 3 _aEl libro de la selva
_cRudyard Kipling; [traducción, Gabriela Bustelo]
260 _aBarcelona
_bDiario el País
_c2003
300 _a206 p.
_c20 cm
490 _aAventuras
546 _aTraducción de: Gabriela Bustelo
650 2 4 _929437
_aCuentos ingleses
700 1 _936789
_aBustelo, Gabriela
942 _2ddc
_cBK
_hprozim
999 _c22982
_d22982